Sổ tay hóa học sơ cấp

Cuốn sổ tay này trình bày cơ sở hóa học hữu cơ với khối lượng nhiều hơn so với chương trình trung học phổ thông. Trong mỗi phần đều có những ví dụ giải bài toán mẫu và những bài toán tự giải. Cuốn sổ tay này còn đưa ra những bài toa...

Descripción completa

Guardado en:
Detalles Bibliográficos
Autor principal: Pilipenko, A. T.
Formato: Libro
Lenguaje:Undetermined
Publicado: Hà Nội Giáo dục Việt Nam 2009
Materias:
Etiquetas: Agregar Etiqueta
Sin Etiquetas, Sea el primero en etiquetar este registro!
Thư viện lưu trữ: Trung tâm Học liệu Trường Đại học Cần Thơ
LEADER 01158nam a2200205Ia 4500
001 CTU_183971
008 210402s9999 xx 000 0 und d
020 |c 24800 
082 |a 540 
082 |b P637/T.3 
100 |a Pilipenko, A. T. 
245 0 |a Sổ tay hóa học sơ cấp 
245 0 |c A. T. Pilipenko chủ biên ; Lê Chí Kiên dịch 
260 |a Hà Nội 
260 |b Giáo dục Việt Nam 
260 |c 2009 
520 |a Cuốn sổ tay này trình bày cơ sở hóa học hữu cơ với khối lượng nhiều hơn so với chương trình trung học phổ thông. Trong mỗi phần đều có những ví dụ giải bài toán mẫu và những bài toán tự giải. Cuốn sổ tay này còn đưa ra những bài toán được sưu tầm trong những kỳ thi tuyển vào đại học Tổng hợp Kiev trong những năm gần đây cho bạn đọc tham khảo. 
650 |a Hóa hữu cơ,Chemistry,Chemistry, organic,Hóa học 
904 |i Hải 
980 |a Trung tâm Học liệu Trường Đại học Cần Thơ